00522 a2200157 45000010006000000050017000060080041000230030015000640400040000790800104001192450038002232640041002613000025003020410008003271000029003356383220260407155938.0260407a1962 arg spa dAR-UNSa-BCEJYS aAR-UNSa-BCEJYSbspacAR-UNSa-BCEJYS a351.72xFinanzas públicas. Legislación (Contabilidad Pública, Administración financiera...)10aTratado de contabilidad pública 1aBuenos Aires :bAbeledo Perrotc1962 aviii, 341 p.c23 cm. aspa1 aMatocq, Eugenio Andrés